[Event "Primorsko Dyuni op 1st"]
[Site "Primorsko"]
[Date "2016.05.23"]
[Round "6"]
[White "Andreev, Stanislav"]
[Black "Panayotov, Yanko"]
[Result "1/2-1/2"]
[WhiteElo "2148"]
[BlackElo "2172"]
[PlyCount "63"]
[EventDate "2016.05.21"]
[EventType "swiss"]
[EventRounds "7"]
[EventCountry "BUL"]
[SourceTitle "CBM 172 Extra"]
[Source "ChessBase"]
[SourceDate "2016.06.21"]
[SourceVersion "1"]
[SourceVersionDate "2016.06.21"]
[SourceQuality "1"]

1. d4 Nf6 2. c4 e6 3. Nc3 Bb4 4. e3 c5 5. Bd3 Nc6 6. Nf3 d6 7. Qc2 e5 8. 0-0 Bxc3 9. bxc3 0-0 10. Ng5 h6 11. Ne4 Nxe4 12. Bxe4 Ne7 13. Bd5 Nxd5 14. cxd5 Qe7 15. dxc5 dxc5 16. e4 f5 17. c4 Bd7 18. a4 Qd6 19. a5 Qg6 20. Bb2 fxe4 21. Bxe5 Rf5 22. Qxe4 Re8 23. f4 Rexe5 24. Qxe5 Rxe5 25. fxe5 Qd3 26. e6 Bxe6 27. dxe6 Qe3+ 28. Kh1 Qxe6 29. Rfc1 Qe2 30. h3 Qd2 31. Rd1 Qc3 32. Rab1 1/2-1/2

[Event "Primorsko Dyuni op 1st"]
[Site "Primorsko"]
[Date "2016.05.22"]
[Round "3"]
[White "Panayotov, Yanko"]
[Black "Kolev, Lachezar"]
[Result "1-0"]
[WhiteElo "2172"]
[BlackElo "1883"]
[PlyCount "89"]
[EventDate "2016.05.21"]
[EventType "swiss"]
[EventRounds "7"]
[EventCountry "BUL"]
[SourceTitle "CBM 172 Extra"]
[Source "ChessBase"]
[SourceDate "2016.06.21"]
[SourceVersion "1"]
[SourceVersionDate "2016.06.21"]
[SourceQuality "1"]

1. Nf3 Nf6 2. d4 e6 3. Bg5 Be7 4. Nbd2 c5 5. e3 0-0 6. Bd3 d5 7. c3 b6 8. Ne5 h6 9. Bh4 Bb7 10. 0-0 Nc6 11. f4 Nxe5 12. fxe5 Ne4 13. Bxe7 Qxe7 14. Bxe4 dxe4 15. Qg4 Qg5 16. Rf4 cxd4 17. exd4 f5 18. exf6 Rxf6 19. Qxg5 hxg5 20. Rff1 Raf8 21. Rae1 Rf5 22. Re3 Rxf1+ 23. Nxf1 e5 24. dxe5 Re8 25. Nd2 Rxe5 26. Kf2 Kf7 27. Nc4 Re6 28. Re1 Ba6 29. Rxe4 Rxe4 30. Nd6+ Ke6 31. Nxe4 Kf5 32. Ke3 g4 33. g3 Ke5 34. b3 Bb7 35. Nf2 Bc8 36. Nd3+ Kf5 37. Kd4 g5 38. c4 Bb7 39. Nb4 Ba8 40. Nd5 Kg6 41. Ke5 Bb7 42. b4 Ba8 43. c5 bxc5 44. bxc5 Bb7 45. c6 1-0

[Event "BUL-chT 61th"]
[Site "Albena"]
[Date "2011.06.04"]
[Round "3.3"]
[White "Atanasov, Radoslav"]
[Black "Panayotov, Yanko"]
[Result "1/2-1/2"]
[WhiteElo "2248"]
[BlackElo "2260"]
[PlyCount "54"]
[EventDate "2011.06.02"]
[EventType "team-tourn"]
[EventRounds "7"]
[EventCountry "BUL"]
[SourceTitle "CBM 142 Extra"]
[Source "ChessBase"]
[SourceDate "2011.06.27"]
[SourceVersion "1"]
[SourceVersionDate "2011.06.27"]
[SourceQuality "1"]
[WhiteTeam "Pleven Spartak XXI"]
[BlackTeam "Maritsa Iztok Radnevo"]
[WhiteTeamCountry "BUL"]
[BlackTeamCountry "BUL"]

1. e4 c5 2. Nf3 Nc6 3. d3 Nf6 4. g3 d5 5. e5 Nd7 6. Qe2 e6 7. h4 Qb6 8. Bg2 Be7 9. 0-0 a5 10. a4 Nd4 11. Nxd4 cxd4 12. c4 dxc3 13. bxc3 Qc7 14. d4 Nb6 15. Ba3 0-0 16. Bxe7 Qxe7 17. Nd2 Bd7 18. Rfb1 Nxa4 19. Rxb7 Rfb8 20. Rab1 Rxb7 21. Rxb7 Qe8 22. c4 Bc6 23. Rc7 Rc8 24. Ra7 Ra8 25. Rc7 Rc8 26. Ra7 Ra8 27. Rc7 Rc8 1/2-1/2

[Event "BUL-ch sf 75th"]
[Site "Plovdiv"]
[Date "2011.02.13"]
[Round "9"]
[White "Arnaudov, Petar"]
[Black "Panayotov, Yanko"]
[Result "0-1"]
[WhiteElo "2202"]
[BlackElo "2243"]
[PlyCount "132"]
[EventDate "2011.02.07"]
[EventType "swiss"]
[EventRounds "9"]
[EventCountry "BUL"]
[SourceTitle "CBM 140 Extra"]
[Source "ChessBase"]
[SourceDate "2011.03.01"]
[SourceVersion "1"]
[SourceVersionDate "2011.03.01"]
[SourceQuality "1"]

1. d4 Nf6 2. Bg5 e6 3. e4 h6 4. Bxf6 Qxf6 5. c3 d6 6. Nd2 Nd7 7. g3 g6 8. Bg2 Bg7 9. Ne2 e5 10. Nc4 h5 11. h4 Nb6 12. Ne3 Bh6 13. Qd3 Bd7 14. b3 a6 15. a4 a5 16. Rd1 Qe7 17. c4 exd4 18. Nxd4 0-0 19. 0-0 Bg7 20. Ne2 Bc6 21. Nf4 Nd7 22. Nfd5 Qd8 23. f4 Nc5 24. Qc2 Bxd5 25. Nxd5 c6 26. Ne3 Qb6 27. Kh2 Rad8 28. Rb1 Nxe4 29. Bxe4 Qxe3 30. Rbd1 f5 31. Bg2 Rfe8 32. Rd3 Qc5 33. Qf2 Qb4 34. Rfd1 Re6 35. Qd2 Qc5 36. Re1 Rde8 37. Rxe6 Rxe6 38. Bf3 Bf6 39. Kg2 Bd8 40. Qf2 Qb4 41. Qd2 Qc5 42. Qf2 Bb6 43. Qxc5 Bxc5 44. Kf1 Kf7 45. Be2 Ke7 46. Ke1 Kd7 47. Kf1 Kc7 48. Bd1 Kb6 49. Kg2 Be3 50. Kf3 Bc1 51. Rc3 Bb2 52. c5+ dxc5 53. Rc2 Bd4 54. Be2 Re3+ 55. Kg2 Rxb3 56. Bc4 Rc3 57. Rxc3 Bxc3 58. Kf2 Kc7 59. Ke2 Kd6 60. Bf7 b5 61. Bxg6 c4 62. Bxf5 b4 63. Bg6 b3 64. Bxh5 Ke7 65. Kd1 Bd4 66. Bg6 c3 0-1

[Event "BUL-ch sf 75th"]
[Site "Plovdiv"]
[Date "2011.02.10"]
[Round "5"]
[White "Janchev, Petar"]
[Black "Panayotov, Yanko"]
[Result "0-1"]
[WhiteElo "2161"]
[BlackElo "2243"]
[PlyCount "120"]
[EventDate "2011.02.07"]
[EventType "swiss"]
[EventRounds "9"]
[EventCountry "BUL"]
[SourceTitle "CBM 140 Extra"]
[Source "ChessBase"]
[SourceDate "2011.03.01"]
[SourceVersion "1"]
[SourceVersionDate "2011.03.01"]
[SourceQuality "1"]

1. d4 Nf6 2. Nf3 e6 3. e3 c5 4. Bd3 b6 5. 0-0 Be7 6. b3 0-0 7. Bb2 cxd4 8. exd4 Bb7 9. Nbd2 d6 10. c4 Nbd7 11. Qe2 Re8 12. Rfe1 Bf8 13. Rad1 Rc8 14. Bb1 g6 15. h3 Bg7 16. Nf1 Qc7 17. N1h2 Qb8 18. Ng4 Qa8 19. Ng5 h6 20. Nxf6+ Nxf6 21. Ne4 Nxe4 22. Bxe4 d5 23. Bf3 Red8 24. Rc1 dxc4 25. Bxb7 Qxb7 26. Rxc4 Rxc4 27. Qxc4 b5 28. Qe2 h5 29. Rd1 Rd5 30. f4 Qb6 31. Qe4 b4 32. Rd2 Qa5 33. Qb1 Qc7 34. Qe4 Bh6 35. Rf2 h4 36. Rf1 Qd8 37. Rd1 Qa5 38. Ra1 Qb6 39. Rf1 Bg7 40. Rd1 Bf6 41. Qe3 Ra5 42. Ra1 Qa6 43. a4 bxa3 44. Bc3 Rb5 45. Qd3 Qb6 46. b4 Rxb4 47. Rxa3 Bxd4+ 48. Kh2 Bxc3 49. Rxc3 Rxf4 50. Rc8+ Kh7 51. Qc3 Rd4 52. Qa3 Rb4 53. Rc1 Qb8+ 54. Kg1 Rb1 55. Rxb1 Qxb1+ 56. Kh2 Qb8+ 57. Kh1 Qc7 58. Qa4 g5 59. Qe4+ Kh6 60. Qa8 Kg7 0-1

[Event "BUL-ch sf 75th"]
[Site "Plovdiv"]
[Date "2011.02.10"]
[Round "6"]
[White "Panayotov, Yanko"]
[Black "Vutov, M Mario"]
[Result "1/2-1/2"]
[WhiteElo "2243"]
[BlackElo "2341"]
[PlyCount "109"]
[EventDate "2011.02.07"]
[EventType "swiss"]
[EventRounds "9"]
[EventCountry "BUL"]
[SourceTitle "CBM 140 Extra"]
[Source "ChessBase"]
[SourceDate "2011.03.01"]
[SourceVersion "1"]
[SourceVersionDate "2011.03.01"]
[SourceQuality "1"]

1. e4 c5 2. Nf3 d6 3. c3 Nf6 4. Bd3 Bg4 5. Bc2 Nc6 6. d3 e6 7. Nbd2 d5 8. h3 Bh5 9. 0-0 Qc7 10. Qe2 0-0-0 11. g4 Bg6 12. Nh4 Bd6 13. Ndf3 c4 14. Nxg6 hxg6 15. Kg2 cxd3 16. Bxd3 Bf4 17. Re1 dxe4 18. Bxe4 Nd5 19. Bxd5 Rxd5 20. Bxf4 Qxf4 21. Rad1 Rhd8 22. Rxd5 Rxd5 23. b3 Qd6 24. Qe4 Kc7 25. Re3 Rd1 26. Ng5 Nd8 27. Qf3 Qd5 28. Ne4 f5 29. Nc5 Kd6 30. Nd3 Qxf3+ 31. Kxf3 g5 32. Ne5 f4 33. Rd3+ Rxd3+ 34. Nxd3 Kd5 35. Nb4+ Ke5 36. Nd3+ Kd5 37. h4 e5 38. Nb4+ Ke6 39. h5 Nf7 40. Nd3 Nd6 41. Ke2 e4 42. Ne1 Nf7 43. f3 Ne5 44. fxe4 Nxg4 45. Nf3 Kf6 46. c4 Ne5 47. Nd4 g4 48. c5 g3 49. b4 Nc6 50. Nxc6 bxc6 51. a4 a6 52. Kf3 Ke5 53. a5 Kf6 54. Kg2 Ke6 55. Kf3 1/2-1/2

[Event "Belogradchik op"]
[Site "Belogradchik"]
[Date "2010.09.06"]
[Round "2"]
[White "Panayotov, Yanko"]
[Black "Asparuhov, Parvan"]
[Result "1-0"]
[WhiteElo "2233"]
[BlackElo "2074"]
[PlyCount "101"]
[EventDate "2010.09.06"]
[EventType "swiss"]
[EventRounds "5"]
[EventCountry "BUL"]
[SourceTitle "CBM 138 Extra"]
[Source "ChessBase"]
[SourceDate "2010.10.29"]
[SourceVersion "1"]
[SourceVersionDate "2010.10.29"]
[SourceQuality "1"]

1. e4 e5 2. Nf3 Nc6 3. Bc4 Nf6 4. d3 h6 5. 0-0 d6 6. Re1 Na5 7. Bb5+ c6 8. Ba4 b5 9. Bb3 Nxb3 10. axb3 Be7 11. d4 Qc7 12. c4 0-0 13. Nc3 Rb8 14. Qd3 a6 15. h3 Nd7 16. cxb5 axb5 17. Be3 exd4 18. Bxd4 Nc5 19. Qc2 Be6 20. b4 Nb3 21. Rad1 Nxd4 22. Nxd4 Rfc8 23. Re3 Bf6 24. Kh1 Be5 25. Nf3 Bf6 26. Red3 Be7 27. Nd4 Bc4 28. Rg3 Be6 29. Qd2 Bh4 30. Nxe6 fxe6 31. Rg4 g5 32. e5 d5 33. g3 Bxg3 34. Rxg3 Qxe5 35. f4 Qf5 36. fxg5 h5 37. Qe2 Qg6 38. Re1 e5 39. Rf1 Rf8 40. Rgf3 Rxf3 41. Qxf3 Re8 42. h4 e4 43. Qe3 Qd6 44. Ne2 Rf8 45. Rxf8+ Qxf8 46. Kg2 Qxb4 47. b3 Qe1 48. Qf2 Qd2 49. g6 Qh6 50. Qf7+ Kh8 51. Nf4 1-0

[Event "Albena op"]
[Site "Albena"]
[Date "2010.06.10"]
[Round "8"]
[White "Petrov, Marian"]
[Black "Panayotov, Yanko"]
[Result "0-1"]
[WhiteElo "2526"]
[BlackElo "2192"]
[PlyCount "93"]
[EventDate "2010.06.03"]
[EventType "swiss"]
[EventRounds "9"]
[EventCountry "BUL"]
[SourceTitle "CBM 136 Extra"]
[Source "ChessBase"]
[SourceDate "2010.07.02"]
[SourceVersion "2"]
[SourceVersionDate "2010.07.15"]
[SourceQuality "1"]

1. e4 c5 2. Nf3 e6 3. d4 cxd4 4. Nxd4 a6 5. Bd3 Qc7 6. 0-0 Nf6 7. c4 d6 8. Nc3 Nbd7 9. b3 b5 10. Bb2 b4 11. Na4 Ne5 12. a3 Nxd3 13. Qxd3 bxa3 14. Bxa3 Bb7 15. Rfe1 Be7 16. b4 0-0 17. Rac1 Rfd8 18. f4 Nd7 19. Nb3 Rac8 20. Qe3 Qb8 21. Na5 Ba8 22. Rb1 Qc7 23. Bb2 Rb8 24. Bc3 Bf6 25. e5 dxe5 26. fxe5 Be7 27. Red1 h6 28. Qg3 Nf8 29. Rd6 Ng6 30. Rbd1 Bg5 31. R1d4 Ne7 32. Qd3 Nf5 33. Rd7 Rxd7 34. Rxd7 Qc8 35. Bd2 Bc6 36. Nxc6 Qxc6 37. Nc5 Bxd2 38. Qxd2 a5 39. Rd8+ Rxd8 40. Qxd8+ Kh7 41. Qxa5 Nh4 42. Qa2 Qb6 43. Qb1+ Kh8 44. Kh1 Ng6 45. Nd3 Qd4 46. b5 Qe4 47. Qf1 0-1

[Event "Albena op"]
[Site "Albena"]
[Date "2010.06.09"]
[Round "7"]
[White "Caspi, Israel"]
[Black "Panayotov, Yanko"]
[Result "1-0"]
[WhiteElo "2426"]
[BlackElo "2192"]
[PlyCount "48"]
[EventDate "2010.06.03"]
[EventType "swiss"]
[EventRounds "9"]
[EventCountry "BUL"]
[SourceTitle "CBM 136 Extra"]
[Source "ChessBase"]
[SourceDate "2010.07.02"]
[SourceVersion "2"]
[SourceVersionDate "2010.07.15"]
[SourceQuality "1"]

1. e4 c5 2. Nf3 Nc6 3. d4 cxd4 4. Nxd4 Nf6 5. Nc3 g6 6. Nxc6 dxc6 7. Qxd8+ Kxd8 8. Bc4 Ke8 9. e5 Nh5 10. Be3 Bg7 11. f4 Bh6 12. 0-0 Ng7 13. g3 b5 14. Be2 a6 15. Bf3 Bb7 16. a4 b4 17. Ne4 Ne6 18. Nc5 Nxc5 19. Bxc5 a5 20. Rad1 g5 21. f5 g4 22. Bxg4 Ba6 23. Rfe1 Bc4 24. e6 fxe6 1-0

[Event "BUL-chT-A 60th"]
[Site "Albena"]
[Date "2010.05.29"]
[Round "3.4"]
[White "Panayotov, Yanko"]
[Black "Milchev, Nikolay"]
[Result "1/2-1/2"]
[WhiteElo "2192"]
[BlackElo "2354"]
[PlyCount "61"]
[EventDate "2010.05.27"]
[EventType "team-tourn"]
[EventRounds "7"]
[EventCountry "BUL"]
[SourceTitle "CBM 136 Extra"]
[Source "ChessBase"]
[SourceDate "2010.07.02"]
[SourceVersion "2"]
[SourceVersionDate "2010.07.15"]
[SourceQuality "1"]
[WhiteTeam "Maritsa Iztok Radnevo"]
[BlackTeam "Plovdiv Lokomotiv"]
[WhiteTeamCountry "BUL"]
[BlackTeamCountry "BUL"]

1. e4 e5 2. Nf3 Nf6 3. Nc3 Nc6 4. Bb5 Bd6 5. d3 h6 6. h3 a6 7. Bxc6 dxc6 8. 0-0 c5 9. Be3 Nd7 10. Nd2 Nf8 11. Nc4 Ne6 12. a4 g5 13. Nd5 Nf4 14. Bxf4 exf4 15. e5 Be7 16. Qf3 Rb8 17. Rfe1 Be6 18. Nxe7 Qxe7 19. Nd2 Kf8 20. b3 Kg7 21. a5 Rhd8 22. Ra4 Bd5 23. Qg4 Be6 24. Qf3 Bd5 25. Qg4 Be6 26. Qf3 Bd5 27. Qh5 Bc6 28. Raa1 Bd5 29. Qg4 Be6 30. Qf3 Bd5 31. Qg4 1/2-1/2

[Event "BUL-chT-A 60th"]
[Site "Albena"]
[Date "2010.05.28"]
[Round "2.2"]
[White "Panayotov, Yanko"]
[Black "Dimitrov, Marin"]
[Result "1-0"]
[WhiteElo "2192"]
[BlackElo "2097"]
[PlyCount "83"]
[EventDate "2010.05.27"]
[EventType "team-tourn"]
[EventRounds "7"]
[EventCountry "BUL"]
[SourceTitle "CBM 136 Extra"]
[Source "ChessBase"]
[SourceDate "2010.07.02"]
[SourceVersion "2"]
[SourceVersionDate "2010.07.15"]
[SourceQuality "1"]
[WhiteTeam "Maritsa Iztok Radnevo"]
[BlackTeam "Plovdiv Maritsa"]
[WhiteTeamCountry "BUL"]
[BlackTeamCountry "BUL"]

1. e4 c5 2. Nc3 Nc6 3. Nge2 Nf6 4. d4 cxd4 5. Nxd4 d6 6. Bg5 Qb6 7. Nb3 e6 8. Qd2 Be7 9. Bd3 0-0 10. 0-0 Rd8 11. Qe2 a6 12. a4 Qc7 13. a5 d5 14. exd5 exd5 15. Bxf6 gxf6 16. Qh5 f5 17. Bxf5 Bxf5 18. Qxf5 Qd7 19. Qh5 Nb4 20. Rad1 Bf6 21. Nc5 Qc8 22. Nxd5 Rxd5 23. Rxd5 Nxd5 24. Qxd5 Bxb2 25. Rb1 Qd8 26. Nd7 Qe7 27. Qxb7 Re8 28. g3 Bd4 29. Qd5 Bc3 30. Rb8 Rxb8 31. Nxb8 Qe1+ 32. Kg2 Qe2 33. Qd3 Qe5 34. Nc6 Qc5 35. Qxa6 Qd5+ 36. Kg1 Qd1+ 37. Qf1 Qxc2 38. a6 Qa4 39. Ne7+ Kf8 40. Nf5 Qa5 41. Qd3 Bf6 42. Qd6+ 1-0

[Event "BUL-ch sf"]
[Site "Plovdiv"]
[Date "2010.01.27"]
[Round "6"]
[White "Andreev, Sasho"]
[Black "Panayotov, Yanko"]
[Result "1-0"]
[WhiteElo "2153"]
[BlackElo "2219"]
[PlyCount "67"]
[EventDate "2010.01.24"]
[EventType "swiss"]
[EventRounds "9"]
[EventCountry "BUL"]
[SourceTitle "CBM 134 Extra"]
[Source "ChessBase"]
[SourceDate "2010.03.03"]
[SourceVersion "1"]
[SourceVersionDate "2010.03.03"]
[SourceQuality "1"]

1. d4 Nf6 2. c4 e6 3. Nf3 b6 4. g3 Ba6 5. b3 Bb4+ 6. Bd2 Be7 7. Bg2 c6 8. Bc3 d5 9. Nbd2 Nbd7 10. 0-0 Rc8 11. Re1 dxc4 12. bxc4 b5 13. c5 Nd5 14. Bb2 0-0 15. e4 Nc7 16. e5 Nd5 17. a3 Rb8 18. Ne4 Bc8 19. h4 Re8 20. Qd3 f5 21. exf6 gxf6 22. Qd2 Kh8 23. Bh3 Nf8 24. Bg4 Kg7 25. Bh5 Ng6 26. Bc1 Rg8 27. Bxg6 hxg6 28. Qh6+ Kf7 29. Neg5+ Ke8 30. Qh7 Kd7 31. Nxe6 Qe8 32. Nf4 Ba6 33. Nxd5 cxd5 34. c6+ 1-0

[Event "BUL-ch sf"]
[Site "Plovdiv"]
[Date "2010.01.26"]
[Round "4"]
[White "Panayotov, Yanko"]
[Black "Tsvetkov, Ilia"]
[Result "1/2-1/2"]
[WhiteElo "2219"]
[BlackElo "2392"]
[PlyCount "61"]
[EventDate "2010.01.24"]
[EventType "swiss"]
[EventRounds "9"]
[EventCountry "BUL"]
[SourceTitle "CBM 134 Extra"]
[Source "ChessBase"]
[SourceDate "2010.03.03"]
[SourceVersion "1"]
[SourceVersionDate "2010.03.03"]
[SourceQuality "1"]

1. e4 c5 2. Nf3 Nc6 3. d4 cxd4 4. Nxd4 g6 5. Nc3 Bg7 6. Nde2 Nf6 7. g3 h5 8. h3 d6 9. Bg2 Bd7 10. Bg5 Qa5 11. Bd2 Qb6 12. Rb1 Qd8 13. b3 Qc8 14. Be3 0-0 15. Qd2 Nb4 16. Rc1 Re8 17. a3 Na6 18. b4 Nc7 19. Nd4 a5 20. Nce2 axb4 21. axb4 d5 22. exd5 Ncxd5 23. c4 Nxe3 24. Qxe3 Kh7 25. Nf3 Bh6 26. Ng5+ Kg7 27. h4 Ng4 28. Qc3+ f6 29. f3 Ne5 30. f4 Bc6 31. Ne4 1/2-1/2

[Event "BUL-ch sf"]
[Site "Plovdiv"]
[Date "2010.01.25"]
[Round "3"]
[White "Panayotov, Yanko"]
[Black "Mladenov, Plamen"]
[Result "1/2-1/2"]
[WhiteElo "2219"]
[BlackElo "2394"]
[PlyCount "62"]
[EventDate "2010.01.24"]
[EventType "swiss"]
[EventRounds "9"]
[EventCountry "BUL"]
[SourceTitle "CBM 134 Extra"]
[Source "ChessBase"]
[SourceDate "2010.03.03"]
[SourceVersion "1"]
[SourceVersionDate "2010.03.03"]
[SourceQuality "1"]

1. e4 e6 2. d4 d5 3. Nc3 Nf6 4. e5 Nfd7 5. f4 c5 6. Nf3 Nc6 7. Be3 Qb6 8. Na4 Qa5+ 9. c3 cxd4 10. b4 Qc7 11. Nxd4 a6 12. Bd3 Be7 13. 0-0 g6 14. Qg4 b5 15. Nb2 Nb6 16. a4 Nxd4 17. Bxd4 Bd7 18. axb5 Bxb5 19. Bxb5+ axb5 20. Qe2 Qc6 21. Rxa8+ Nxa8 22. Ra1 0-0 23. Nd3 Nc7 24. Bc5 Bxc5+ 25. Nxc5 Rd8 26. Qd3 Ra8 27. Qd1 Na6 28. Qd4 Nxc5 29. Rxa8+ Qxa8 30. Qxc5 Qa1+ 31. Kf2 Qa2+ 1/2-1/2

[Event "Kesarovski Georgiev Memorial 8th"]
[Site "Sunny Beach"]
[Date "2009.09.10"]
[Round "5"]
[White "Dimitrov, Pavel"]
[Black "Panayotov, Yanko"]
[Result "1/2-1/2"]
[WhiteElo "2376"]
[BlackElo "2211"]
[PlyCount "159"]
[EventDate "2009.09.07"]
[EventType "swiss"]
[EventRounds "9"]
[EventCountry "BUL"]
[SourceTitle "CBM 132 Extra"]
[Source "ChessBase"]
[SourceDate "2009.11.03"]
[SourceVersion "1"]
[SourceVersionDate "2009.11.03"]
[SourceQuality "1"]

1. e4 c5 2. Nf3 e6 3. d4 cxd4 4. Nxd4 a6 5. a4 Nf6 6. Nc3 Qc7 7. Bd3 Nc6 8. Be3 Bb4 9. 0-0 Nxd4 10. Bxd4 e5 11. Be3 Bxc3 12. bxc3 d6 13. Bg5 Nd7 14. Qh5 0-0 15. Rae1 f6 16. Bd2 Rf7 17. Re3 Nf8 18. Rg3 Bd7 19. Ra1 Be6 20. Qd1 Ng6 21. Be2 Re7 22. Bc1 Qc6 23. h3 Rd8 24. Rd3 Red7 25. Bg4 Bxg4 26. Qxg4 d5 27. exd5 Rxd5 28. Rxd5 Qxd5 29. Be3 Qd7 30. Qc4+ Qf7 31. Qb4 Rd7 32. Rb1 Ne7 33. Qc5 Nc6 34. f4 h6 35. fxe5 Nxe5 36. Bd4 Nc6 37. Bf2 Kh8 38. Qf5 Kg8 39. Re1 Ne5 40. Bd4 Nc6 41. Re4 Rd5 42. Qf3 Rd7 43. Qf5 Rd5 44. Qf3 Rd8 45. h4 Re8 46. Qe2 Re7 47. Rxe7 Qxe7 48. Kf2 Qxe2+ 49. Kxe2 Kf7 50. Kd3 Ke6 51. Kc4 Kd6 52. Bc5+ Ke6 53. Bf8 Ne5+ 54. Kd4 Kf7 55. Bd6 Ke6 56. Bf8 Kf7 57. Bd6 Ke6 58. Bxe5 fxe5+ 59. Ke4 h5 60. a5 g6 61. c4 Kd6 62. c3 Ke6 63. c5 Kf6 64. c4 Ke6 65. g3 Kf6 66. Kd5 Kf5 67. Kd6 e4 68. Kc7 e3 69. Kxb7 e2 70. c6 e1Q 71. c7 Qb4+ 72. Ka8 Qxc4 73. Kb7 Qb5+ 74. Ka7 Qc6 75. Kb8 Qb5+ 76. Ka7 Qc5+ 77. Kb7 Qb5+ 78. Ka7 Qc5+ 79. Kb7 Qb5+ 80. Ka7 1/2-1/2

[Event "Plovdiv Tringov Memorial"]
[Site "Plovdiv"]
[Date "2009.02.06"]
[Round "8"]
[White "Mitkov, Marjan"]
[Black "Panayotov, Yanko"]
[Result "1-0"]
[WhiteElo "2387"]
[BlackElo "2199"]
[PlyCount "69"]
[EventDate "2009.02.01"]
[EventType "swiss"]
[EventRounds "9"]
[EventCountry "BUL"]
[SourceTitle "CBM 128 Extra"]
[Source "ChessBase"]
[SourceDate "2009.03.05"]
[SourceVersion "2"]
[SourceVersionDate "2009.03.25"]
[SourceQuality "1"]

1. d4 Nf6 2. c4 e6 3. Nf3 b6 4. g3 Ba6 5. Qc2 Bb7 6. Bg2 c5 7. d5 exd5 8. cxd5 Bxd5 9. Nc3 Bc6 10. 0-0 Be7 11. e4 0-0 12. e5 Ne8 13. Rd1 Na6 14. a3 Rc8 15. Nd5 Bxd5 16. Rxd5 Nec7 17. Rd1 Nb8 18. Be3 Ne6 19. Qa4 Qc7 20. Rd5 Rfd8 21. Rad1 Nc6 22. Bf4 h6 23. h4 a5 24. R1d2 Kf8 25. Qe4 Kg8 26. h5 Bf8 27. Bf1 Ne7 28. Bd3 g6 29. hxg6 fxg6 30. Bc4 Kg7 31. Bxh6+ Kxh6 32. Qh4+ Kg7 33. Qf6+ Kh7 34. Rxd7 Rxd7 35. Bxe6 1-0

[Event "Plovdiv Tringov Memorial"]
[Site "Plovdiv"]
[Date "2009.02.04"]
[Round "6"]
[White "Kojovic, Dragan"]
[Black "Panayotov, Yanko"]
[Result "1-0"]
[WhiteElo "2403"]
[BlackElo "2199"]
[PlyCount "63"]
[EventDate "2009.02.01"]
[EventType "swiss"]
[EventRounds "9"]
[EventCountry "BUL"]
[SourceTitle "CBM 128 Extra"]
[Source "ChessBase"]
[SourceDate "2009.03.05"]
[SourceVersion "2"]
[SourceVersionDate "2009.03.25"]
[SourceQuality "1"]

1. e4 d6 2. d4 Nf6 3. Nc3 c6 4. f4 Qa5 5. Bd3 e5 6. Nf3 Bg4 7. Be3 Nbd7 8. Qd2 Bxf3 9. gxf3 g6 10. 0-0-0 Bg7 11. Kb1 Qc7 12. Rhg1 Ng4 13. Rxg4 exd4 14. Bxd4 Bxd4 15. Bc4 Bc5 16. Na4 b5 17. Nxc5 Nxc5 18. Bf1 0-0-0 19. c4 a6 20. Rc1 Qb6 21. cxb5 axb5 22. f5 Kb7 23. h4 Rd7 24. Bh3 Rdd8 25. Rg2 Qc7 26. Qd4 Na6 27. Qc3 Nb8 28. Rgc2 Rhg8 29. Qb3 gxf5 30. Qxb5+ Qb6 31. Qxf5 Rdf8 32. Rc3 1-0

[Event "Plovdiv Tringov Memorial"]
[Site "Plovdiv"]
[Date "2009.02.02"]
[Round "3"]
[White "Panayotov, Yanko"]
[Black "Kukov, Velislav"]
[Result "0-1"]
[WhiteElo "2199"]
[BlackElo "2373"]
[PlyCount "66"]
[EventDate "2009.02.01"]
[EventType "swiss"]
[EventRounds "9"]
[EventCountry "BUL"]
[SourceTitle "CBM 128 Extra"]
[Source "ChessBase"]
[SourceDate "2009.03.05"]
[SourceVersion "2"]
[SourceVersionDate "2009.03.25"]
[SourceQuality "1"]

1. e4 g6 2. d4 Bg7 3. f4 d5 4. e5 c6 5. Nf3 Na6 6. Nc3 Nc7 7. h3 h5 8. Be3 Nh6 9. Bd3 Bf5 10. Be2 Be4 11. Nh4 Nf5 12. Nxf5 Bxf5 13. Qd2 h4 14. 0-0-0 Ne6 15. Bg4 Bf8 16. Rhf1 Ng7 17. Bf2 e6 18. Bf3 Bb4 19. a3 Be7 20. Rde1 b5 21. Nd1 Qb6 22. Ne3 b4 23. Nxf5 Nxf5 24. axb4 a5 25. bxa5 Rxa5 26. c3 Kd7 27. Kc2 Rb8 28. Rb1 Ra2 29. Rfc1 Qb3+ 30. Kd3 Ba3 31. Ke2 Qc4+ 32. Ke1 Bxb2 33. Qe2 Bxc3+ 0-1

[Event "BUL-ch sf"]
[Site "Plovdiv"]
[Date "2009.01.30"]
[Round "8"]
[White "Panbukchian, Valentin"]
[Black "Panayotov, Yanko"]
[Result "0-1"]
[WhiteElo "2313"]
[BlackElo "2199"]
[PlyCount "102"]
[EventDate "2009.01.25"]
[EventType "swiss"]
[EventRounds "9"]
[EventCountry "BUL"]
[SourceTitle "CBM 128 Extra"]
[Source "ChessBase"]
[SourceDate "2009.03.05"]
[SourceVersion "2"]
[SourceVersionDate "2009.03.25"]
[SourceQuality "1"]

1. f4 c5 2. g3 Nc6 3. Nf3 g6 4. Bg2 Bg7 5. d3 d5 6. 0-0 Nf6 7. Nc3 0-0 8. a3 b6 9. h3 Bb7 10. e4 dxe4 11. dxe4 Nh5 12. Kh2 Bxc3 13. bxc3 Qxd1 14. Rxd1 Rad8 15. Re1 Na5 16. f5 Ng7 17. g4 f6 18. Bh6 Rfe8 19. Kg3 Nc4 20. h4 Nd6 21. Nh2 gxf5 22. Bxg7 f4+ 23. Kxf4 e5+ 24. Kg3 Kxg7 25. Nf1 Nc4 26. Kf2 Bc8 27. Bf3 Be6 28. a4 Re7 29. Be2 Na5 30. Ne3 Rd2 31. Kf3 Red7 32. Rg1 h6 33. Bb5 Rd8 34. Rh1 Rf8 35. Rag1 Kh7 36. Bd3 Rd8 37. Rg3 c4 38. Be2 R8d7 39. Rb1 Rg7 40. Rb4 h5 41. g5 fxg5 42. hxg5 h4 43. Rg1 Rf7+ 44. Nf5 Bxf5 45. exf5 Rxf5+ 46. Ke4 Rf4+ 47. Kxe5 Rf2 48. Bxc4 Nc6+ 49. Ke6 Nxb4 50. cxb4 h3 51. Rg3 h2 0-1